000 00542nam a22001937a 4500
999 _c12355
_d12355
003 AR-CdUCM
008 190408b ||||| |||| 00| 0 spa d
040 _aMUNICIPALIDAD PROVINCIAL DEL CUSCO
_cBIBLIOTECA MUNICIPAL DEL CUSCO
082 _a823 /
_bT26 / 1921
100 _aTejada Diez de
_930176
245 _aHabla la esfige /
260 _aMadrid :
_c1921.
300 _c19 cm.
505 _aContenido : Novela /
650 _aLiteratura espaƱola
_943898
650 _aNovela
_95
942 _2ddc
_cLIBROS
945 _arjall
_d2019-04-08